[Event "TUN-ch sf"]
[Site "Monastir"]
[Date "2024.03.22"]
[Round "2"]
[White "Boulaares, Adam"]
[Black "Ben Toumia, Ayoub"]
[Result "1-0"]
[WhiteElo "1913"]
[BlackElo "1488"]
[PlyCount "79"]
[EventDate "2024.03.21"]
[EventType "swiss"]
[EventRounds "9"]
[EventCountry "TUN"]
[SourceTitle "CB15_2024"]
[SourceDate "2024.04.10"]
[SourceVersion "1"]
[SourceVersionDate "2024.04.10"]
[SourceQuality "1"]

1. d4 Nf6 2. c4 e6 3. Nc3 Bb4 4. Nf3 0-0 5. Bg5 h6 6. Bxf6 Qxf6 7. e4 d5 8. Bd3 dxe4 9. Bxe4 Nc6 10. 0-0 Rd8 11. Bxc6 bxc6 12. Qa4 c5 13. Ne4 Qf5 14. Ng3 Qf4 15. a3 Bd7 16. Qc2 Ba5 17. dxc5 c6 18. Rfd1 Be8 19. h3 Rxd1+ 20. Rxd1 Rd8 21. Rxd8 Bxd8 22. Ne2 Qf5 23. Qxf5 exf5 24. Ned4 Bf6 25. b4 g6 26. b5 Be7 27. b6 axb6 28. cxb6 Bxa3 29. Ne5 Bd6 30. Nexc6 h5 31. b7 h4 32. c5 Bf4 33. b8Q Bxb8 34. Nxb8 Kf8 35. c6 Ke7 36. c7 Bd7 37. Nxd7 Kxd7 38. Nb5 g5 39. Kf1 g4 40. Ke2 1-0

[Event "TUN-ch sf"]
[Site "Monastir"]
[Date "2024.03.22"]
[Round "3"]
[White "Maftah, Mohamed"]
[Black "Boulaares, Adam"]
[Result "0-1"]
[WhiteElo "1578"]
[BlackElo "1913"]
[PlyCount "48"]
[EventDate "2024.03.21"]
[EventType "swiss"]
[EventRounds "9"]
[EventCountry "TUN"]
[SourceTitle "CB15_2024"]
[SourceDate "2024.04.10"]
[SourceVersion "1"]
[SourceVersionDate "2024.04.10"]
[SourceQuality "1"]

1. e4 d5 2. exd5 Qxd5 3. Nc3 Qa5 4. d4 Nf6 5. Bd2 c6 6. Ne4 Qb6 7. Nxf6+ exf6 8. Bc3 Bd6 9. Qd2 0-0 10. 0-0-0 Qc7 11. g3 Be6 12. Kb1 Bd5 13. f3 a5 14. h4 b5 15. b3 Bxg3 16. a4 bxa4 17. bxa4 Nd7 18. Bb2 Rab8 19. c4 Bf4 20. Qc2 Be6 21. Bd3 Rb4 22. Ka1 Rfb8 23. Rb1 Nb6 24. Ka2 Nxc4 0-1

[Event "Sousse BICA op 1st"]
[Site "Sousse"]
[Date "2021.12.24"]
[Round "1"]
[White "Boulaares, Adam"]
[Black "Nigmatov, Ortik"]
[Result "0-1"]
[WhiteElo "1696"]
[BlackElo "2442"]
[PlyCount "46"]
[EventDate "2021.12.24"]
[EventType "swiss"]
[EventRounds "9"]
[EventCountry "TUN"]
[SourceTitle "CBM 205 Extra"]
[Source "ChessBase"]
[SourceDate "2022.01.31"]
[SourceVersion "1"]
[SourceVersionDate "2022.01.31"]
[SourceQuality "1"]

1. e4 c5 2. Nc3 Nc6 3. d3 g6 4. g3 Bg7 5. Bg2 e6 6. f4 Nge7 7. Nf3 d6 8. 0-0 0-0 9. g4 f5 10. h3 Nd4 11. Kh1 Rb8 12. a4 b6 13. Be3 Bb7 14. Bxd4 cxd4 15. Nb5 e5 16. Qe1 a6 17. Na3 fxg4 18. Ng5 Qd7 19. hxg4 exf4 20. Bf3 Nc6 21. Nc4 b5 22. Na5 Nxa5 23. Qxa5 Qe7 0-1

[Event "TUN-ch U18"]
[Site "Monastir"]
[Date "2021.09.04"]
[Round "7"]
[White "Boulaares, Adam"]
[Black "Neggaz, Louey"]
[Result "1-0"]
[WhiteElo "1746"]
[BlackElo "1347"]
[PlyCount "50"]
[EventDate "2021.09.01"]
[EventType "swiss"]
[EventRounds "9"]
[EventCountry "TUN"]
[SourceTitle "EXT 2023"]
[Source "ChessBase"]
[SourceDate "2022.10.05"]
[SourceVersion "1"]
[SourceVersionDate "2022.10.05"]
[SourceQuality "1"]

1. d4 Nf6 2. Nf3 g6 3. b3 Bg7 4. Bb2 0-0 5. e3 d6 6. Be2 Nc6 7. 0-0 Nd7 8. c4 e5 9. dxe5 dxe5 10. Qc2 a5 11. a3 Nc5 12. Nc3 Re8 13. Rfd1 Bd7 14. Nd5 Bf5 15. Qc3 Qc8 16. Nh4 Ne4 17. Qc2 Ng3 18. Nxf5 Nxe2+ 19. Qxe2 gxf5 20. Qh5 Ne7 21. Qg5 Nxd5 22. Rxd5 f6 23. Qh5 Rd8 24. Rd6 Rd7 25. Rxd7 Qd8 1-0

[Event "TUN-ch U18"]
[Site "Monastir"]
[Date "2021.09.02"]
[Round "2"]
[White "Zenaidi, Mokhtar"]
[Black "Boulaares, Adam"]
[Result "0-1"]
[WhiteElo "1371"]
[BlackElo "1746"]
[PlyCount "120"]
[EventDate "2021.09.01"]
[EventType "swiss"]
[EventRounds "9"]
[EventCountry "TUN"]
[SourceTitle "EXT 2023"]
[Source "ChessBase"]
[SourceDate "2022.10.05"]
[SourceVersion "1"]
[SourceVersionDate "2022.10.05"]
[SourceQuality "1"]

1. e4 c6 2. d4 d5 3. e5 Bf5 4. Nd2 e6 5. Nb3 Nd7 6. Nf3 Ne7 7. Be2 Bg6 8. 0-0 Nf5 9. a4 Be7 10. a5 a6 11. g4 Nh4 12. Nxh4 Bxh4 13. f4 f5 14. g5 h6 15. Bh5 Kf7 16. Bxg6+ Kxg6 17. gxh6 Rxh6 18. Qf3 Qe7 19. Be3 Rah8 20. Rad1 Kf7 21. Rd2 Qb4 22. Rg2 R8h7 23. Qe2 Be7 24. Rf3 c5 25. Qd2 c4 26. Qxb4 Bxb4 27. Bd2 Rh3 28. Rfg3 Rxg3 29. Rxg3 Bxd2 30. Nxd2 Rh4 31. Rf3 g5 32. b3 b5 33. axb6 Nxb6 34. bxc4 dxc4 35. Rc3 Rg4+ 36. Kh1 gxf4 37. Nf3 a5 38. Ra3 a4 39. Ra1 Rg8 40. Rb1 Rb8 41. Nd2 a3 42. Ra1 c3 43. Nb3 Nc4 44. Kg1 Rg8+ 45. Kf2 Rh8 46. Ke2 Rh3 47. Nc5 Re3+ 48. Kf2 f3 49. Rxa3 Nxa3 50. Kxe3 Nxc2+ 51. Kxf3 Nxd4+ 52. Ke3 Nc6 53. Nd3 Kg6 54. Nf4+ Kf7 55. Nd3 c2 56. Kd2 Nd4 57. Ne1 Kg6 58. Nxc2 Nxc2 59. Kxc2 Kg5 60. Kd3 Kg4 0-1

[Event "Online Olym Div3 D"]
[Site "Chess.com INT"]
[Date "2020.08.08"]
[Round "5.1"]
[White "Castellanos Villela, Alejandro"]
[Black "Boulaares, Adam"]
[Result "0-1"]
[WhiteElo "2202"]
[BlackElo "1861"]
[PlyCount "84"]
[EventDate "2020.08.07"]
[EventType "team-tourn (rapid)"]
[EventRounds "9"]
[EventCountry "USA"]
[SourceTitle "CBM 198"]
[Source "ChessBase"]
[SourceDate "2020.10.31"]
[SourceVersion "1"]
[SourceVersionDate "2020.10.31"]
[SourceQuality "1"]
[WhiteTeam "Chile"]
[BlackTeam "Tunisia"]
[WhiteTeamCountry "CHI"]
[BlackTeamCountry "TUN"]

1. e4 c6 2. d4 d5 3. e5 Bf5 4. Nf3 e6 5. Be2 Ne7 6. 0-0 Nd7 7. Nbd2 Bg6 8. a4 Nf5 9. a5 Be7 10. Nb3 0-0 11. Bd2 Rc8 12. c4 Qc7 13. c5 b6 14. cxb6 axb6 15. a6 c5 16. g4 Nh4 17. Nxh4 Bxh4 18. f4 c4 19. Nc1 Be4 20. Bf3 Bxf3 21. Rxf3 Be7 22. f5 Rfe8 23. Na2 b5 24. Bb4 Bg5 25. Qe1 Qb6 26. Qf2 Qxa6 27. h4 Bd8 28. fxe6 Qxe6 29. Rf1 Qxg4+ 30. Kh1 Bxh4 31. Qh2 Qxd4 32. Rf4 Qxe5 33. Qxh4 f6 34. Bc3 Qe7 35. Qh3 Ne5 36. Qg3 Ng6 37. Rg4 Qe2 38. Rf2 Qd1+ 39. Kh2 d4 40. Bxd4 Qd3 41. Qg2 Rcd8 42. Nb4 Qb1 0-1

[Event "TUN-chTB"]
[Site "Hammamet"]
[Date "2019.03.09"]
[Round "4.3"]
[White "Mnasri, Mustapha"]
[Black "Boulaares, Adam"]
[Result "1/2-1/2"]
[WhiteElo "1618"]
[BlackElo "1614"]
[PlyCount "66"]
[EventDate "2019.02.09"]
[EventType "team-tourn"]
[EventRounds "11"]
[EventCountry "TUN"]
[SourceTitle "EXT 2021"]
[Source "ChessBase"]
[SourceDate "2020.10.23"]
[SourceVersion "1"]
[SourceVersionDate "2020.10.23"]
[SourceQuality "1"]

1. Nf3 d5 2. b3 Nf6 3. Bb2 c5 4. e3 Nc6 5. Bb5 Bg4 6. h3 Bh5 7. g4 Bg6 8. Ne5 Qc7 9. h4 Be4 10. Rg1 h5 11. Bxc6+ bxc6 12. d3 Bh7 13. g5 Nd7 14. Nxd7 Qh2 15. Rf1 Kxd7 16. Qxh5 Qh3 17. Nd2 Qf5 18. Qf3 f6 19. Qxf5+ Bxf5 20. gxf6 exf6 21. Rh1 Bd6 22. 0-0-0 Rh7 23. Rdg1 Rah8 24. Kd1 Ke7 25. f4 Kf7 26. Nf3 a5 27. Ke2 a4 28. Bc3 Re8 29. Kf2 Bc8 30. Bd2 Ba6 31. c4 Be7 32. Rc1 Bd6 33. Rhg1 Rg8 1/2-1/2

[Event "Tunis Ramadan Cup"]
[Site "Tunis"]
[Date "2018.06.10"]
[Round "1"]
[White "Bouaziz, Mehdi"]
[Black "Boulaares, Adam"]
[Result "1-0"]
[WhiteElo "2176"]
[BlackElo "1340"]
[PlyCount "57"]
[EventDate "2018.06.10"]
[EventType "swiss"]
[EventRounds "9"]
[EventCountry "TUN"]
[SourceTitle "CBM 185 Extra"]
[Source "ChessBase"]
[SourceDate "2018.07.29"]
[SourceVersion "1"]
[SourceVersionDate "2018.07.29"]
[SourceQuality "1"]

1. d4 d5 2. Nf3 Nf6 3. c4 e6 4. Nc3 c6 5. e3 Nbd7 6. Bd3 dxc4 7. Bxc4 b5 8. Bd3 Bb7 9. a3 a6 10. b4 Bd6 11. 0-0 e5 12. Ne4 Nxe4 13. Bxe4 exd4 14. Qxd4 Qf6 15. Bb2 Qxd4 16. Nxd4 Rc8 17. Rac1 Ne5 18. Nf5 Nc4 19. Rxc4 Bxh2+ 20. Kxh2 bxc4 21. Nd6+ Ke7 22. Nxc8+ Rxc8 23. Rc1 f6 24. Rxc4 g6 25. a4 Rc7 26. Bd4 f5 27. Bf3 Kd7 28. Kg3 h5 29. Kf4 1-0